Method of Religious and biblical studies (Record no. 1904)
[ view plain ]
| 000 -LEADER | |
|---|---|
| fixed length control field | 00463nam a22001577a 4500 |
| 008 - FIXED-LENGTH DATA ELEMENTS--GENERAL INFORMATION | |
| fixed length control field | 130220b xxu||||| |||| 00| 0 eng d |
| 020 ## - INTERNATIONAL STANDARD BOOK NUMBER | |
| International Standard Book Number | 06360000779 |
| 040 ## - CATALOGING SOURCE | |
| Original cataloging agency | BSU |
| Transcribing agency | BSU |
| 082 ## - DEWEY DECIMAL CLASSIFICATION NUMBER | |
| Edition number | 21 |
| Classification number | 371.07 KIT |
| 100 ## - MAIN ENTRY--PERSONAL NAME | |
| Personal name | Kitshoff,M.C and Wyk,W.B.Van |
| 9 (RLIN) | 4002 |
| 245 ## - TITLE STATEMENT | |
| Title | Method of Religious and biblical studies |
| Statement of responsibility, etc | M.C.Kitshoff |
| 260 ## - PUBLICATION, DISTRIBUTION, ETC. (IMPRINT) | |
| Place of publication, distribution, etc | Pietersburg |
| Name of publisher, distributor, etc | Masskew miller Longman |
| Date of publication, distribution, etc | 1983 |
| 300 ## - PHYSICAL DESCRIPTION | |
| Extent | 186p. |
| Dimensions | 22cm |
| 650 ## - SUBJECT ADDED ENTRY--TOPICAL TERM | |
| Topical term or geographic name as entry element | Biblical Studies |
| 9 (RLIN) | 4003 |
| 942 ## - ADDED ENTRY ELEMENTS (KOHA) | |
| Source of classification or shelving scheme | Dewey Decimal Classification |
| Item type | Reserved Books |
| Withdrawn status | Lost status | Source of classification or shelving scheme | Damaged status | Not for loan | Collection code | Home library | Current library | Shelving location | Date acquired | Source of acquisition | Total Checkouts | Full call number | Barcode | Date last seen | Copy number | Price effective from | Koha item type |
|---|---|---|---|---|---|---|---|---|---|---|---|---|---|---|---|---|---|
| Dewey Decimal Classification | Main Library | Main Library | 20/02/2005 | Purchased | 371.07 KIT | 8831 | 20/02/2013 | 1 | 20/02/2013 | Reserved Books |